| 000 | 00811nam a2200205 a 4500 | ||
|---|---|---|---|
| 003 | 0 | ||
| 005 | 20250210135912.0 | ||
| 008 | 130129s19uu xx 00 eng d | ||
| 050 |
_aPHS U 29 _b.B468 2012 |
||
| 100 | _aBenjamino, Robert Joshua G. | ||
| 245 |
_aImpact of the military strategies by Attila the Hun on Western Europe in 434-453 AD / _cRobert Joshua G. Benjamino. |
||
| 260 |
_aLas PiƱas City, Philippines : _bSouthville International School and Colleges, _c2012. |
||
| 300 |
_a26 pages : _billustrations ; _c28 cm. |
||
| 504 | _aIncludes bibliographic references. | ||
| 600 |
_aAttila, King of the Huns _d453 _qMilitary leadership. |
||
| 650 |
_aHuns _xHistory _vMilitary aspects. |
||
| 650 |
_aMilitary art and science _xHistory _vTo 500. |
||
| 651 |
_aEurope _vHistory _y392-814. |
||
| 942 |
_2lcc _cPASS |
||
| 999 |
_c98887 _d98887 |
||